00596nam a2200157Ia 4500008004100000024001500041082001900056100001800075245002700093260002500120600002100145650003800166856010700204952011000311999001700421250506s9999 xx 000 0 und d a13B-079-BS a005.399072 WAQ aWaqar Hussain 0aBakery Items on Demand aKarachi:bUIT,c2013 aComputer Science aBachelor of Computer Science (BS) uhttps://drive.google.com/file/d/1NGRDwtUrcLQcx8iMUVoMinHhdjy1GEiW/view?usp=sharingyClick here for PDF 001040708PR-CSaUITUbUITUd2022-07-26l0o005.399072 WAQpBS-564r2025-05-06 11:34:38w2025-05-06yPR c28826d28826